000 00468nam a2200157Ia 4500
005 20241107095447.0
008 240126s9999 xx 000 0 und d
020 _a9780143425359
082 _a338.740954 GOS;1 R
100 _aGoswami, Omkar.
245 0 _aGoras and desis : managing agencies and the making of corporate India
260 _bPenguin Random House
_aHaryana
_c2016
300 _axxxv, 248
440 _aThe stories of Indian business
942 _cPU
999 _c287262
_d287262